000 00705nam a22002177a 4500
003 UA-OsUOA
001 59320
007 ta
008 20090319b un ||||| |||| 00| 0 ukr d
100 _aВиговська Н.Г.
090 _a330(477)
_bВ41
942 _cSA
040 _aUA-OsUOA
_bukr
_cUA-OsUOA
_dUA-OsUOA
245 _aГосподарський, фінансово-господарський та економічний контроль: узгодження термінології
300 _aС.21-27
955 _a0
041 _aukr
080 _a330(477)
773 0 _w59318
_tСтатистика України
_dК.
_d2008
_g4
650 7 _a330 Економіка взагалі
_2UDC
999 _c345401
_d345401